000 00626nam a2200181Ia 4500
008 090711s9999 xx 000 0 und d
082 _b32431
100 _aधुमकेतू
245 _aमहा अमात्य
260 _bवोरा अँड कंपनी पब्लिशरर्स प्रायव्हेटलिमिटेड
_c1967
300 _a100
600 _aधुमकेतू
630 _aमहा अमात्य
700 _aधर्माधिकारी भाऊ
700 _aधुमकेतू
730 _aमहा अमात्य
942 _cBOOK
999 _c330257
_d330257